Vekayi; (Record no. 45090)
[ view plain ]
| 000 -LEADER | |
|---|---|
| fixed length control field | 01169cam a22002891 4500 |
| 001 - CONTROL NUMBER | |
| control field | ne 62000682 |
| 003 - CONTROL NUMBER IDENTIFIER | |
| control field | DLC |
| 005 - DATE AND TIME OF LATEST TRANSACTION | |
| control field | 20260227111735.0 |
| 008 - FIXED-LENGTH DATA ELEMENTS--GENERAL INFORMATION | |
| fixed length control field | 800728m19431946tu bcj 000 0 tur |
| 010 ## - LIBRARY OF CONGRESS CONTROL NUMBER | |
| LC control number | ne 62000682 |
| 035 ## - SYSTEM CONTROL NUMBER | |
| System control number | (OCoLC)6561273 |
| 040 ## - CATALOGING SOURCE | |
| Original cataloging agency | DLC |
| Transcribing agency | UU |
| Modifying agency | UU |
| -- | DLC |
| 041 1# - LANGUAGE CODE | |
| Language code of text/sound track or separate title | turper |
| 043 ## - GEOGRAPHIC AREA CODE | |
| Geographic area code | a-ii--- |
| 050 00 - LIBRARY OF CONGRESS CALL NUMBER | |
| Classification number | DS461.1 |
| Item number | .A218 |
| 100 0# - MAIN ENTRY--PERSONAL NAME | |
| Personal name | Babur, |
| Titles and words associated with a name | Emperor of Hindustan, |
| Dates associated with a name | 1483-1530. |
| 245 10 - TITLE STATEMENT | |
| Title | Vekayi; |
| Remainder of title | Baburu̕n hâtıratı. |
| Statement of responsibility, etc. | [Yazan] Zahirüddin Muhammed Babur. Doğu Türkçesinden çeviren [izahlı indeksi ve notları hazırlıyan] Reşit Rahmeti Arat. Önsözü ve tarihf özeti yazan: Y. Hikmet Bayur. |
| 260 ## - PUBLICATION, DISTRIBUTION, ETC. | |
| Place of publication, distribution, etc. | Ankara, |
| Name of publisher, distributor, etc. | Türk Tarih Kurumu Basımevi, |
| Date of publication, distribution, etc. | 1943-46. |
| 300 ## - PHYSICAL DESCRIPTION | |
| Extent | 2 v. (678 p.) |
| Other physical details | fold. col. map (in pocket) port., geneal. table. |
| Dimensions | 25 cm. |
| 490 1# - SERIES STATEMENT | |
| Series statement | Türk Tarih Kurumu yayınlarından, 2. seri, no. 5a-5b |
| 500 ## - GENERAL NOTE | |
| General note | Translation of Bābarnāma. |
| 651 #0 - SUBJECT ADDED ENTRY--GEOGRAPHIC NAME | |
| Geographic name | Mogul Empire. |
| 651 #0 - SUBJECT ADDED ENTRY--GEOGRAPHIC NAME | |
| Geographic name | India |
| General subdivision | History |
| Chronological subdivision | 1526-1765. |
| 700 1# - ADDED ENTRY--PERSONAL NAME | |
| Personal name | Arat, Reşit Rahmeti, |
| Dates associated with a name | 1900-1964. |
| 700 1# - ADDED ENTRY--PERSONAL NAME | |
| Personal name | Bayur, Yusuf Hikmet, |
| Dates associated with a name | 1891-1980. |
| 810 2# - SERIES ADDED ENTRY--CORPORATE NAME | |
| Corporate name or jurisdiction name as entry element | Türk Tarih Kurumu. |
| Title of a work | Türk Tarih Kurumu yayınları ; |
| Volume/sequential designation | seri 2, no. 5a-5b. |
No items available.